| 000 | 01069cam a2200325ui 4500 | ||
|---|---|---|---|
| 001 | 200462473 | ||
| 003 | TR-AnTOB | ||
| 005 | 20250818115857.0 | ||
| 007 | ta | ||
| 008 | 240916s2019 tu adf g 000 0 tur d | ||
| 020 | _a9786052249284 | ||
| 040 |
_aTVK _beng _erda _cTVK _dTR-AnTOB |
||
| 041 | 0 | _atur | |
| 050 | 0 | 0 |
_aHD9698.T9 _bT83 2019 |
| 090 |
_aHD9698.T9 _bT83 2019 |
||
| 245 | 0 | 0 |
_aTÜBA - Nükleer enerji raporu / _ceditör Prof. Dr. İbrahim Dinçer. |
| 264 | 1 |
_aAnkara : _bTürkiye Bilimler Akademisi, _c2019. |
|
| 300 |
_a68 pages : _bıllustration, graphics, tables ; _c28 cm |
||
| 336 |
_atext _btxt _2rdacontent |
||
| 337 |
_aunmediated _bn _2rdamedia |
||
| 338 |
_avolume _bnc _2rdacarrier |
||
| 490 | 0 |
_aTürkiye Bilimler Akademisi Yayınları. _aTÜBA Raporları ; _vNo:29 |
|
| 504 | _aBIB | ||
| 650 | 0 |
_aNuclear energy _zTurkey. _937287 |
|
| 650 | 7 |
_aNükleer enerji _zTürkiye _0etuturkob _955897 |
|
| 650 | 7 |
_aNükleer endüstri _2etuturkob _9122146 |
|
| 700 | 1 |
_aDinçer, İbrahim _eeditor _9137757 |
|
| 942 |
_2lcc _cBK |
||
| 999 |
_c200462473 _d80685 |
||